Central Library and Information Centre
Sibsagar Girls' College, Sivasagar : Assam

UCHATTAR MADHYAMIK PRATHAMIK JIBA BIDYA (For XII) Vol-2 (Record no. 10282)

MARC details
000 -LEADER
fixed length control field 00601cam a2200217ua 4500
008 - FIXED-LENGTH DATA ELEMENTS--GENERAL INFORMATION
fixed length control field 160304n2008 II |||gr||||Z||||||eng
040 ## - CATALOGING SOURCE
Original cataloging agency MAIN
041 ## - LANGUAGE CODE
-- English
082 ## - DEWEY DECIMAL CLASSIFICATION NUMBER
Classification number 580 DAS
100 ## - MAIN ENTRY--PERSONAL NAME
Personal name DAS, KARUNA KANTA.
245 ## - TITLE STATEMENT
Title UCHATTAR MADHYAMIK PRATHAMIK JIBA BIDYA (For XII) Vol-2
250 ## - EDITION STATEMENT
Edition statement 7TH REV.
260 ## - PUBLICATION, DISTRIBUTION, ETC.
Place of publication, distribution, etc. GUWAHATI
Name of publisher, distributor, etc. BINA LIBRARY
Date of publication, distribution, etc. 2008
300 ## - PHYSICAL DESCRIPTION
Extent 691:
Dimensions 24CM.
500 ## - GENERAL NOTE
General note Transferred to Sanaskriti Junior College, SGC
700 ## - ADDED ENTRY--PERSONAL NAME
Personal name DAS, KARUNA KANTA.,
Relator term Author.
700 ## - ADDED ENTRY--PERSONAL NAME
Personal name CHAKRAVARTY, DR. ANUP KUMAR.
942 ## - ADDED ENTRY ELEMENTS (KOHA)
Koha item type Books
653 ## - INDEX TERM--UNCONTROLLED
Uncontrolled term Plants (Botany)
Holdings
Withdrawn status Lost status Damaged status Not for loan Collection code Home library Current library Shelving location Date acquired Full call number Barcode Date last seen Copy number Price effective from Koha item type
Withdrawn       TBBOT Central Library and Information Centre Sibsagar Girls College Central Library and Information Centre Sibsagar Girls College Botany Rack 04.02.1984 580 DAS 08965 27.02.2020 1 27.02.2020 Books


Sibsagar Girl's College © 2020. All rights reserved.
Powered by Koha.
Maintained by Abhijit Borpuzari.